Measuring the accuracy of self-assessment among undergraduate students in higher education to enhance competitiveness

Analýza sebahodnotenia maďarských študentov obchodných vysokých škôl s dôrazom na presnosť vo výpočtoch. Výskum zdôraznil dôležitosť sebahodnotenia pri zabezpečovaní efektívnej implementácie nových technológií v testoch z účtovníctva s cieľom nepriameho zvyšovania konkurencieschopnosti vysokoškolské...

ver descrição completa

Na minha lista:
Detalhes bibliográficos
Autor principal: Máté, D.
Outros Autores: Darabos, Éva
Formato: Capítulo de Livro
Idioma:inglês
Assuntos:
Tags: Adicionar Tag
Sem tags, seja o primeiro a adicionar uma tag!

MARC

LEADER 00000nla a2200000 4500
001 0235064
005 20240417075125.3
041 0 |a eng 
044 |a CZ 
245 1 0 |a Measuring the accuracy of self-assessment among undergraduate students in higher education to enhance competitiveness  |c Dominicián Máté, Éva Darabos 
520 |a Analýza sebahodnotenia maďarských študentov obchodných vysokých škôl s dôrazom na presnosť vo výpočtoch. Výskum zdôraznil dôležitosť sebahodnotenia pri zabezpečovaní efektívnej implementácie nových technológií v testoch z účtovníctva s cieľom nepriameho zvyšovania konkurencieschopnosti vysokoškolského vzdelávania. 
610 2 0 |a vysokoškoláci 
610 2 0 |a sebahodnotenie 
610 2 0 |a konkurencieschopnosť 
610 2 0 |a technológie nové 
610 2 0 |a Maďarsko 
100 1 |a Máté, D. 
700 1 |a Darabos, Éva